| 000 | 00953cam a2200253 i 4500 | ||
|---|---|---|---|
| 001 | 17477221 | ||
| 003 | CO-ViMGA | ||
| 005 | 20230915234404.0 | ||
| 008 | 120927s2011 ck b 000 0 spa | ||
| 020 |
_a9789588325934 _z9588325934 |
||
| 040 |
_aCO-ViMGA _bspa _cCO-ViMGA |
||
| 043 | _as-ck--- | ||
| 082 | 0 | 4 |
_a190.986 _bA94p |
| 100 | 1 |
_aÁvila Martínez, Alexander. _97750 |
|
| 245 | 1 | 3 |
_aEl pensamiento de la comunidad nasa yuwe : _bun acercamiento al mundo de la vida y una reflexión acerca de su pensamiento / _cAlexander Ávila Martínez, autor. |
| 260 |
_aBogota : _bUniversidad Cooperativa de Colombia, _c2011. |
||
| 300 |
_a114 p ; _c24 cm. |
||
| 490 | 0 | _aColección Libros de texto | |
| 504 | _aIncluye bibliografia | ||
| 650 | 0 |
_aCulturas indigenas _zColombia _vVida social y costumbres _97753 |
|
| 650 | 0 |
_aIndigenas. _zValle del Cauca _zColombia _97751 |
|
| 650 | 0 |
_aNasa Yuwe _zColombia. _vPensamiento filosofico _97752 |
|
| 942 |
_2ddc _cBK |
||
| 999 |
_c37780 _d37780 |
||